[Event "M.Chigorin Memorial 2017 "]
[Site "?????-?????????"]
[Date "2017.10.24"]
[Round "4"]
[Board "98"]
[White "Shakirova, Renata"]
[Black "Salman, Pavel"]
[Result "0-1"]
[WhiteElo "2004"]
[BlackElo "2260"]
[PlyCount "86"]
[EventDate "2017.10.21"]
[EventRounds "9"]
[EventCountry "RUS"]

1. e4 c5 2. Nf3 e6 3. d4 cxd4 4. Nxd4 a6 5. Nc3 Qc7 6. Be2 b5 7. O-O Bb7 8. Bf3
Nc6 9. Nxc6 dxc6 10. Qe2 Bd6 11. h3 Ne7 12. a4 Ng6 13. axb5 cxb5 14. e5 Nxe5
15. Bxb7 Qxb7 16. Rd1 Bc7 17. f4 Nc4 18. f5 O-O 19. f6 Rfd8 20. Rxd8+ Rxd8 21.
Qg4 g6 22. Qh4 Qb6+ 23. Kh1 Qd6 24. g3 Qc6+ 25. Qe4 Qc5 26. Rxa6 Qf2 27. Qg2
Qxg3 28. Qxg3 Bxg3 29. Nxb5 Bh4 30. b3 Bxf6 31. Kg2 Ne5 32. Nd6 Rb8 33. Ba3 Bg5
34. b4 Be7 35. Bb2 Bxd6 36. Ba1 Nc4 37. Rc6 Rxb4 38. Rc8+ Bf8 39. Bf6 Nd6 40.
Rd8 Nf5 41. Rc8 Rc4 42. Ra8 Rxc2+ 43. Kf3 Nd6  0-1

[Event "M.Chigorin Memorial 2017 "]
[Site "?????-?????????"]
[Date "2017.10.24"]
[Round "4"]
[Board "99"]
[White "Kutyanina, Mariya"]
[Black "Marinskii, Yurii"]
[Result "0-1"]
[WhiteElo "2020"]
[BlackElo "2238"]
[PlyCount "72"]
[EventDate "2017.10.21"]
[EventRounds "9"]
[EventCountry "RUS"]

1. e4 c5 2. Nf3 g6 3. d4 cxd4 4. Nxd4 Bg7 5. Nc3 Nc6 6. Be3 Nf6 7. Qd2 O-O 8.
O-O-O Ng4 9. Nxc6 bxc6 10. Bc4 Qa5 11. h3 Bxc3 12. bxc3 Qa3+ 13. Kb1 Rb8+ 14.
Bb3 Nxe3 15. Qxe3 a5 16. Qc1 Qc5 17. Qb2 Rb7 18. a4 Qxf2 19. g4 d6 20. Ka1 Be6
21. Rhf1 Qg2 22. e5 dxe5 23. Rg1 Qf2 24. Qa2 Qc5 25. Rg3 Bxb3 26. cxb3 Rfb8 27.
Rb1 Qd5 28. c4 Qd4+ 29. Qb2 Rxb3 30. Rxb3 Rxb3 31. Qxd4 Rxb1+ 32. Kxb1 exd4 33.
c5 e5 34. Kc2 f5 35. gxf5 gxf5 36. Kd3 Kf7  0-1

[Event "M.Chigorin Memorial 2017 "]
[Site "?????-?????????"]
[Date "2017.10.24"]
[Round "4"]
[Board "100"]
[White "Natarov, Ilya"]
[Black "Chernyak, Viktoria"]
[Result "1/2-1/2"]
[WhiteElo "1961"]
[BlackElo "2236"]
[PlyCount "113"]
[EventDate "2017.10.21"]
[EventRounds "9"]
[EventCountry "RUS"]

1. d4 d5 2. c4 e6 3. Nc3 c6 4. e3 Nd7 5. Bd3 Ngf6 6. Nf3 dxc4 7. Bxc4 b5 8. Bd3
a6 9. a4 Bb7 10. O-O Bd6 11. e4 e5 12. axb5 axb5 13. Rxa8 Bxa8 14. Bg5 O-O 15.
Ne2 Re8 16. Qc2 h6 17. Bh4 exd4 18. Nexd4 Qb6 19. Re1 Ng4 20. Nf5 Bf8 21. Qd2
c5 22. Bb1 Nge5 23. Nxe5 Nxe5 24. f4 Nc4 25. Qc2 g6 26. Ne3 Rxe4 27. Nxc4 Rxc4
28. Qf2 Qc6 29. Bg3 Bg7 30. Kh1 Rb4 31. b3 Bb7 32. Bc2 Bc3 33. Rd1 Rd4 34. Rxd4
Bxd4 35. Qe2 Qa6 36. Qd1 Kg7 37. f5 g5 38. h4 Qa1 39. Qxa1 Bxa1 40. hxg5 hxg5
41. Bf2 Bd4 42. Bxd4+ cxd4 43. b4 Kf6 44. Kg1 Ke5 45. Bd3 Bc6 46. Kf2 Kf4 47.
g3+ Kg4 48. f6 Kh5 49. Ke2 Bd7 50. Be4 Kg4 51. Kf2 Bf5 52. Bf3+ Kh3 53. Bd5 Bg6
54. Bc6 Bd3 55. Bd5 Bg6 56. Bc6 Bd3 57. Bd5  1/2-1/2

[Event "M.Chigorin Memorial 2017 "]
[Site "?????-?????????"]
[Date "2017.10.24"]
[Round "4"]
[Board "101"]
[White "Dushin, Nikolay"]
[Black "Moksh, Amit Doshi"]
[Result "0-1"]
[WhiteElo "1956"]
[BlackElo "2222"]
[PlyCount "66"]
[EventDate "2017.10.21"]
[EventRounds "9"]
[EventCountry "RUS"]

1. c4 e5 2. g3 Nf6 3. Bg2 d5 4. cxd5 Nxd5 5. Nf3 Nc6 6. O-O Nb6 7. Nc3 Be7 8.
d3 O-O 9. a3 Re8 10. Re1 Bf8 11. b4 a5 12. b5 Nd4 13. Rb1 Bg4 14. Nd2 Qc8 15.
Nf1 a4 16. Ne3 Be6 17. Ned5 Nxd5 18. Bxd5 c6 19. Bxe6 Rxe6 20. b6 Ra6 21. Nxa4
Nb5 22. Ra1 Qa8 23. Nb2 Rxb6 24. Nc4 Ra6 25. Bb2 Bxa3 26. Bxe5 Bb4 27. Rxa6
Qxa6 28. Rf1 Bc3 29. f4 f6 30. Qb3 fxe5 31. Nxe5 Nd4 32. Qd1 Qb6 33. Kh1 Qb3
 0-1

[Event "M.Chigorin Memorial 2017 "]
[Site "?????-?????????"]
[Date "2017.10.24"]
[Round "4"]
[Board "102"]
[White "Ashid, Tsetsegulzii"]
[Black "Cherednichenko, Dmitrij"]
[Result "0-1"]
[WhiteElo "1892"]
[BlackElo "2209"]
[PlyCount "126"]
[EventDate "2017.10.21"]
[EventRounds "9"]
[EventCountry "RUS"]

1. e4 e6 2. d4 d5 3. Nc3 Bb4 4. e5 Qd7 5. Qg4 f5 6. Qg3 b6 7. Bd2 Ba6 8. Bxa6
Nxa6 9. Nge2 O-O-O 10. a3 Bf8 11. b4 Ne7 12. b5 Nb8 13. a4 Kb7 14. a5 Nc8 15.
O-O h6 16. axb6 cxb6 17. Qd3 g5 18. Na2 f4 19. Rfc1 Rh7 20. c4 Rf7 21. c5 Ka8
22. Nb4 f3 23. gxf3 Be7 24. cxb6 Nxb6 25. Nc6 Nxc6 26. bxc6 Qc7 27. Ba5 Rb8 28.
Qa6 Bd8 29. Rab1 Qc8 30. Qd3 Bc7 31. Kg2 Nc4 32. Bb4 Rb6 33. Bc5 Rxc6 34. Qg6
Rd7 35. f4 gxf4 36. Nxf4 Rd8 37. Kh1 Rg8 38. Qxh6 Rh8 39. Qg6 Rg8 40. Qh6 Ba5
41. Ra1 Ra6 42. Rcb1 Rc6 43. Rc1 Ra6 44. Rcb1 Rc6 45. Rc1 a6 46. Qh7 Rc7 47.
Qh4 Bd2 48. Rg1 Re8 49. Ng6 a5 50. Rgd1 Rg7 51. Qf6 Rh7 52. h4 Bc3 53. Rac1 Bb2
54. Rc2 Qb7 55. Qf3 Rg8 56. Rg1 Rh6 57. h5 Qh7 58. Rxb2 Rxh5+ 59. Kg2 Rg5+ 60.
Kf1 Rxg1+ 61. Kxg1 Qxg6+ 62. Kf1 Nxb2 63. Qb3 Qd3+  0-1

[Event "M.Chigorin Memorial 2017 "]
[Site "?????-?????????"]
[Date "2017.10.24"]
[Round "4"]
[Board "103"]
[White "Pavlov, Mikhail"]
[Black "Davydov, Sergey P."]
[Result "0-1"]
[WhiteElo "1849"]
[BlackElo "2207"]
[PlyCount "56"]
[EventDate "2017.10.21"]
[EventRounds "9"]
[EventCountry "RUS"]

1. e4 e6 2. d4 d5 3. e5 c5 4. c3 Nc6 5. Be3 Nge7 6. Qd2 Nf5 7. Nf3 Qb6 8. Bd3
c4 9. Be2 h5 10. O-O Be7 11. h3 h4 12. Na3 Bd7 13. Nc2 Nxe3 14. fxe3 f6 15.
exf6 gxf6 16. b3 cxb3 17. axb3 O-O-O 18. c4 Rdg8 19. Rfb1 Qc7 20. b4 Qg3 21.
Nce1 e5 22. cxd5 Bxh3 23. Bf1 Bxg2 24. Bxg2 h3 25. dxc6 hxg2 26. cxb7+ Kb8 27.
Nxg2 Qxf3 28. d5 Qh3  0-1

[Event "M.Chigorin Memorial 2017 "]
[Site "?????-?????????"]
[Date "2017.10.24"]
[Round "4"]
[Board "104"]
[White "Vasilyev, Alexey"]
[Black "Sukhareva, Evgeniya"]
[Result "0-1"]
[WhiteElo "1794"]
[BlackElo "2207"]
[PlyCount "154"]
[EventDate "2017.10.21"]
[EventRounds "9"]
[EventCountry "RUS"]

1. e4 c5 2. Nf3 e6 3. d4 cxd4 4. Nxd4 a6 5. Bd3 Bc5 6. Nb3 Be7 7. O-O Qc7 8.
Nc3 Nf6 9. f4 d6 10. e5 Nfd7 11. exd6 Bxd6 12. Ne4 Be7 13. Be3 Nc6 14. c3 g6
15. Qe2 O-O 16. Nd4 b6 17. Nxc6 Qxc6 18. Bd4 Bb7 19. b4 Rad8 20. Rad1 Rfe8 21.
Rfe1 Bh4 22. g3 Be7 23. Bxa6 Bxa6 24. Qxa6 Ra8 25. Qe2 f5 26. Nf2 Bf6 27. Be5
Nxe5 28. fxe5 Be7 29. Qb2 Ra7 30. a3 Rea8 31. Ra1 h5 32. Qb3 b5 33. Red1 Kf7
34. Rd4 Qf3 35. Kf1 g5 36. Rd3 Qc6 37. Rd4 Qc7 38. Nd3 Rc8 39. Rc1 Qc6 40. Nf2
Rca8 41. Ra1 g4 42. c4 bxc4 43. Qxc4 Qxc4+ 44. Rxc4 Rxa3 45. Rxa3 Rxa3 46. Rc7
Rb3 47. Ke2 Rxb4 48. Nd3 Ra4 49. Rc2 h4 50. Rb2 Ra1 51. Ke3 Bg5+ 52. Nf4 Re1+
53. Kf2 Rxe5 54. Ng2 hxg3+ 55. hxg3 Rd5 56. Rb7+ Kf6 57. Rb6 Rd3 58. Ne1 Rd2+
59. Kf1 Be3 60. Rb3 Bc5 61. Nd3 Bd6 62. Nf2 Be5 63. Ra3 Rc2 64. Nd1 Bd4 65. Ra4
e5 66. Ra6+ Kg5 67. Ra8 f4 68. Rg8+ Kf5 69. gxf4 exf4 70. Ke1 g3 71. Kf1 Ke4
72. Rg6 Kf3 73. Ke1 g2 74. Ne3 Rc1+ 75. Kd2 Bxe3+ 76. Kd3 Rd1+ 77. Kc2 g1=Q  0-1

[Event "M.Chigorin Memorial 2017 "]
[Site "?????-?????????"]
[Date "2017.10.24"]
[Round "4"]
[Board "105"]
[White "Komov, Roman"]
[Black "Kozyakov, Andrey"]
[Result "1/2-1/2"]
[WhiteElo "2168"]
[BlackElo "1727"]
[PlyCount "87"]
[EventDate "2017.10.21"]
[EventRounds "9"]
[EventCountry "RUS"]

1. d4 d5 2. c4 c6 3. Nf3 Nf6 4. e3 Bf5 5. Nc3 e6 6. Be2 a6 7. Nh4 Bg6 8. Nxg6
hxg6 9. Qc2 Bd6 10. h3 Nbd7 11. O-O g5 12. c5 Bb8 13. f4 Nh5 14. Bxh5 Rxh5 15.
Qe2 Rh4 16. e4 gxf4 17. e5 g5 18. Bd2 Qe7 19. b4 f3 20. Qe3 fxg2 21. Rf3 g4 22.
Rg3 f5 23. Qd3 Nxe5 24. dxe5 Bxe5 25. Re1 Bxg3 26. Qxg3 Rxh3 27. Qe5 Rh1+ 28.
Kxg2 Rxe1 29. Bxe1 Kf7 30. Ne2 Re8 31. Bc3 Qg5 32. Nf4 Qh6 33. Kg3 Re7 34. Kg2
Kf8 35. Qb8+ Kf7 36. Qe5 Kf8 37. Qd6 Kf7 38. Qe5 Kf8 39. Bd4 Kf7 40. a3 Kf8 41.
Bc3 Kf7 42. Bd4 Kf8 43. Bc3 Kf7 44. Bd4  1/2-1/2

[Event "M.Chigorin Memorial 2017 "]
[Site "?????-?????????"]
[Date "2017.10.24"]
[Round "4"]
[Board "106"]
[White "Pankova, Julia"]
[Black "Chashchev, Sergey"]
[Result "0-1"]
[WhiteElo "1785"]
[BlackElo "2342"]
[PlyCount "86"]
[EventDate "2017.10.21"]
[EventRounds "9"]
[EventCountry "RUS"]

1. e4 g6 2. d4 Bg7 3. Nc3 c6 4. f4 d5 5. e5 Nh6 6. Nf3 O-O 7. Bd3 Qb6 8. b3 f6
9. Na4 Qc7 10. O-O b6 11. Ba3 Re8 12. c4 Be6 13. Rc1 Nf5 14. Qe2 Qd7 15. Rfd1
dxc4 16. Bxc4 Kh8 17. Nc3 Bxc4 18. bxc4 Na6 19. Ne4 Rad8 20. d5 cxd5 21. cxd5
Qa4 22. Qd3 Nb4 23. Bxb4 Qxb4 24. Rc6 Qa4 25. Rc4 Qxa2 26. Rc2 Qa4 27. Rdc1
fxe5 28. fxe5 Bh6 29. Neg5 Kg8 30. Rc4 Qb5 31. Rb1 Qxd5 32. Qxd5+ Rxd5 33. Ra4
Rd7 34. g4 Nh4 35. Nxh4 Bxg5 36. Nf3 Be3+ 37. Kg2 Rf8 38. Rba1 a5 39. Re4 Bc5
40. h4 Rd3 41. Rf1 Ra3 42. h5 a4 43. hxg6 hxg6  0-1

[Event "M.Chigorin Memorial 2017 "]
[Site "?????-?????????"]
[Date "2017.10.24"]
[Round "4"]
[Board "107"]
[White "Ahmadzada, Ahmad"]
[Black "Stepanyan, Eva"]
[Result "1-0"]
[WhiteElo "2345"]
[BlackElo "1952"]
[PlyCount "155"]
[EventDate "2017.10.21"]
[EventRounds "9"]
[EventCountry "RUS"]

1. e4 e5 2. Nf3 Nc6 3. Bb5 a6 4. Ba4 Nf6 5. O-O Be7 6. Re1 b5 7. Bb3 d6 8. c3
O-O 9. h3 Na5 10. Bc2 c5 11. d4 Qc7 12. d5 Bd7 13. b3 c4 14. Ba3 Bd8 15. Bb4
cxb3 16. axb3 Nb7 17. Ba3 Re8 18. b4 Qc8 19. Bd3 Nh5 20. Bc1 g6 21. Re2 f5 22.
Rea2 fxe4 23. Bxe4 a5 24. bxa5 Rxa5 25. Rxa5 Nxa5 26. Qc2 Bf5 27. Bxf5 Qxf5 28.
Qxf5 gxf5 29. Na3 Nb3 30. Rb1 Nxc1 31. Rxc1 Nf4 32. Kf1 Nxd5 33. Nxb5 Be7 34.
Rd1 Nb6 35. Rb1 Nc4 36. Nc7 Rc8 37. Rb7 Nb6 38. Nb5 Nd5 39. Rd7 Rc5 40. Nxd6
Bxd6 41. Rxd6 Nxc3 42. Rf6 e4 43. Nh4 Kg7 44. Rxf5 Rxf5 45. Nxf5+ Kf6 46. Ne3
Ke5 47. Ke1 Na4 48. Ke2 Nc5 49. Ng4+ Kf4 50. Nf6 h6 51. g3+ Kg5 52. Nd5 Kf5 53.
Ke3 Ke5 54. Nc3 Kf5 55. g4+ Ke5 56. h4 Nd3 57. Nxe4 Nf4 58. Kf3 Ng6 59. h5 Nf8
60. Ng3 Ne6 61. Nf5 Ng5+ 62. Ke3 Nf7 63. f4+ Kd5 64. Kf3 Kc6 65. Ke4 Kc5 66.
Nh4 Kd6 67. Kf5 Ke7 68. Ng6+ Ke8 69. g5 hxg5 70. fxg5 Nd6+ 71. Ke5 Nf7+ 72. Kf6
Nxg5 73. Kxg5 Kf7 74. h6 Kg8 75. Ne5 Kh8 76. Kg6 Kg8 77. h7+ Kh8 78. Nf7#  1-0

[Event "M.Chigorin Memorial 2017 "]
[Site "?????-?????????"]
[Date "2017.10.24"]
[Round "4"]
[Board "108"]
[White "Rudikov, Dmitry"]
[Black "Obgolts, Erik"]
[Result "1/2-1/2"]
[WhiteElo "1943"]
[BlackElo "2271"]
[PlyCount "86"]
[EventDate "2017.10.21"]
[EventRounds "9"]
[EventCountry "RUS"]

1. d4 Nf6 2. c4 c5 3. d5 d6 4. Nc3 g6 5. e4 Bg7 6. Bd3 O-O 7. h3 e6 8. Nf3 Qe7
9. O-O e5 10. Ne1 Nh5 11. Ne2 f5 12. Ng3 Nxg3 13. fxg3 f4 14. gxf4 exf4 15. Qc2
Nd7 16. Rxf4 Bd4+ 17. Kh1 Rxf4 18. Bxf4 Qf6 19. Bd2 Ne5 20. Nf3 Bxh3 21. Rf1
Bd7 22. Bg5 Qg7 23. Nxd4 cxd4 24. Qd2 Rf8 25. Kg1 Ng4 26. Be2 Rxf1+ 27. Bxf1 d3
28. Qc3 Qxc3 29. bxc3 Ne5 30. Kf2 Kf7 31. Ke3 Nxc4+ 32. Kxd3 Ne5+ 33. Kd4 Ba4
34. Be2 h5 35. Bc4 Nxc4 36. Kxc4 Ke8 37. Kd4 Kd7 38. g3 Bc2 39. Bf4 b5 40. a3
a6 41. e5 dxe5+ 42. Bxe5 a5 43. Kc5 Bd3  1/2-1/2

[Event "M.Chigorin Memorial 2017 "]
[Site "?????-?????????"]
[Date "2017.10.24"]
[Round "4"]
[Board "109"]
[White "Rjabzev, Konstantin"]
[Black "Kuznetsov, Mikhail"]
[Result "1-0"]
[WhiteElo "2270"]
[BlackElo "1947"]
[PlyCount "113"]
[EventDate "2017.10.21"]
[EventRounds "9"]
[EventCountry "RUS"]

1. e4 c5 2. Nf3 a6 3. g3 b5 4. Bg2 Bb7 5. Qe2 e6 6. O-O d6 7. d4 Nd7 8. c3 Be7
9. Rd1 Qc7 10. Nbd2 Rc8 11. e5 d5 12. Nf1 Bd8 13. h4 Ne7 14. N1h2 Nc6 15. Bf4
Be7 16. Ng4 Qb6 17. Ne3 O-O 18. Bh3 a5 19. Nxd5 exd5 20. Bxd7 Rcd8 21. Bf5 Bc8
22. Bxc8 Rxc8 23. dxc5 Qxc5 24. Nd4 Nxd4 25. cxd4 Qb6 26. Qg4 Rfd8 27. Rac1 Rc4
28. Be3 Qe6 29. Qe2 Qb6 30. b3 Rcc8 31. Rc2 Ba3 32. Rd3 Rc6 33. Rdc3 Rdc8 34.
Rxc6 Rxc6 35. Qd2 a4 36. Rxc6 Qxc6 37. Qa5 h6 38. Kg2 Be7 39. Qa7 Ba3 40. h5
Bb4 41. Qb8+ Bf8 42. Bd2 axb3 43. axb3 Qc2 44. Bb4 Qe4+ 45. Kh2 Qxd4 46. Qxf8+
Kh7 47. Qxf7 Qxe5 48. Qf3 Kg8 49. Bd2 Qe6 50. Bc3 Qd7 51. Bd4 Qe6 52. Qe3 Qf7
53. Qe5 Kh7 54. Kg2 Qd7 55. Kf3 Qf7+ 56. Ke3 Qd7 57. Qxg7+  1-0

[Event "M.Chigorin Memorial 2017 "]
[Site "?????-?????????"]
[Date "2017.10.24"]
[Round "4"]
[Board "110"]
[White "Nikitin, Sergey E."]
[Black "Makarian, Rudik"]
[Result "1/2-1/2"]
[WhiteElo "1923"]
[BlackElo "2263"]
[PlyCount "190"]
[EventDate "2017.10.21"]
[EventRounds "9"]
[EventCountry "RUS"]

1. e4 e6 2. d4 d5 3. Nd2 c5 4. exd5 Qxd5 5. Ngf3 cxd4 6. Bc4 Qd6 7. O-O Nf6 8.
Nb3 Nc6 9. Nbxd4 Nxd4 10. Nxd4 a6 11. a4 Qc7 12. Qe2 Bd6 13. Nf3 O-O 14. Bg5
Bd7 15. Bb3 Bc6 16. Rad1 Bxf3 17. Qxf3 Bxh2+ 18. Kh1 Be5 19. Rd3 Rad8 20. Bxf6
Bxf6 21. Rfd1 Rxd3 22. Rxd3 b6 23. c3 Rd8 24. Bc2 a5 25. g3 Be7 26. Kg2 g6 27.
Kf1 Bc5 28. Qe4 Rxd3 29. Bxd3 Qd6 30. Ke2 Kg7 31. Bc4 e5 32. f3 f5 33. Qb7+ Qe7
34. Qd5 Kh6 35. Bd3 Qd6 36. Qc4 Kg7 37. Bc2 Qf6 38. Qd5 Qd6 39. Qc4 Bg1 40. Bb3
Qc5 41. Qxc5 Bxc5 42. Bd5 Kf6 43. Bc6 Kg5 44. Kf1 Bd6 45. Kg2 Kf6 46. Kf2 Bc5+
47. Kg2 Ke7 48. Bd5 h5 49. Kh3 g5 50. g4 hxg4+ 51. fxg4 Kf6 52. gxf5 Kxf5 53.
Kg3 e4 54. Bc4 Bd6+ 55. Kg2 Kf4 56. Be2 g4 57. Bd1 g3 58. Bh5 Kg5 59. Bd1 Kf5
60. Bh5 Ke6 61. Bd1 Kd5 62. Bb3+ Kc5 63. Bc2 Kd5 64. Bb3+ Kc5 65. Bc2 e3 66.
Bd3 Bf4 67. Be2 Kd5 68. Kf3 Ke6 69. Bd3 Kf6 70. Be2 Kg5 71. Bd3 Kh4 72. Kg2 Bd6
73. Be2 Kg5 74. Kf3 Kh4 75. Kg2 Be7 76. Bf3 Bf8 77. Be2 Bd6 78. Bf3 Kg5 79. Be2
Kf4 80. Bd3 Be5 81. Bb5 Ke4 82. Be2 Bf4 83. Bb5 Bb8 84. Be2 Be5 85. Bb5 Bd6 86.
Be2 Be5 87. Bb5 Bf4 88. Be2 Be5 89. Bb5 e2 90. Bxe2 Ke3 91. Bb5 Kd2 92. Be8 Kc2
93. b4 Kxc3 94. bxa5 bxa5 95. Bb5 Kb4  1/2-1/2

[Event "M.Chigorin Memorial 2017 "]
[Site "?????-?????????"]
[Date "2017.10.24"]
[Round "4"]
[Board "111"]
[White "Schetchikov, Vladimir"]
[Black "Nasibullin, Iskander"]
[Result "0-1"]
[WhiteElo "1916"]
[BlackElo "2234"]
[PlyCount "120"]
[EventDate "2017.10.21"]
[EventRounds "9"]
[EventCountry "RUS"]

1. c4 e5 2. g3 Nf6 3. Bg2 d5 4. cxd5 Nxd5 5. Nc3 Nb6 6. d3 Be7 7. Nf3 Nc6 8.
O-O O-O 9. a3 Be6 10. b4 a5 11. b5 Nd4 12. Nxd4 exd4 13. Ne4 a4 14. Nd2 Nd5 15.
Nc4 Qd7 16. b6 Nxb6 17. Bxb7 Rab8 18. Nxb6 cxb6 19. Bf3 Bb3 20. Qe1 Bc5 21. Bd2
Rfe8 22. Bb4 Qd6 23. Bxc5 Qxc5 24. Qd2 h6 25. Rfc1 Qe7 26. Qb2 Red8 27. Rc6 b5
28. Rac1 b4 29. R1c5 Qf8 30. Be4 Qe8 31. Rc7 Qe6 32. Kg2 g6 33. axb4 h5 34. b5
h4 35. h3 hxg3 36. fxg3 Kg7 37. R5c6 Rd6 38. Qa3 Rxc6 39. bxc6 Rh8 40. g4 Bd5
41. Qe7 Bxe4+ 42. dxe4 Qc4 43. Qe5+ Kh7 44. Kf2 d3 45. exd3 Qc2+ 46. Ke3 Qc1+
47. Kd4 Qb2+ 48. Kd5 Qb3+ 49. Kd6 Ra8 50. Qd5 Qa3+ 51. Ke5 Qb2+ 52. Kd6 Qf6+
53. Kc5 Ra5+ 54. Kb6 Rxd5 55. exd5 Qd8 56. Kb7 Qxd5 57. Rd7 Qb5+ 58. Kc7 Kg7
59. d4 a3 60. d5 a2  0-1

[Event "M.Chigorin Memorial 2017 "]
[Site "?????-?????????"]
[Date "2017.10.24"]
[Round "4"]
[Board "112"]
[White "Kuizhev, Adam"]
[Black "Eynullayev, Altay"]
[Result "0-1"]
[WhiteElo "1911"]
[BlackElo "2220"]
[PlyCount "98"]
[EventDate "2017.10.21"]
[EventRounds "9"]
[EventCountry "RUS"]

1. e4 c5 2. Nf3 d6 3. Bb5+ Nc6 4. O-O Bd7 5. Re1 Nf6 6. c3 a6 7. Bf1 Bg4 8. h3
Bxf3 9. Qxf3 g6 10. d3 Bg7 11. Be3 Nd7 12. Qg3 O-O 13. Nd2 b5 14. Nf3 b4 15. d4
bxc3 16. bxc3 Qa5 17. Rec1 Qa4 18. d5 Nce5 19. Nd2 Nb6 20. f3 Nbc4 21. Nxc4
Nxc4 22. Qf2 Rab8 23. Bxc4 Qxc4 24. Qc2 Rb5 25. Bd2 Rfb8 26. Kh1 Be5 27. Rab1
Qe2 28. Rxb5 Rxb5 29. f4 Bg7 30. Re1 Qf2 31. Qc1 Qg3 32. Qc2 Qf2 33. Qc1 Ra5
34. Qb2 Bf6 35. Qc2 Ra3 36. Rc1 Qe2 37. Qb2 Ra4 38. Re1 Qd3 39. e5 Bh4 40. exd6
exd6 41. Re8+ Kg7 42. f5 Qf1+ 43. Kh2 Bf2 44. c4+ Bd4 45. Bc3 Qxc4 46. f6+ Kxf6
47. Qf2+ Kg7 48. Re7 Qxd5 49. Bxd4+ Rxd4  0-1

[Event "M.Chigorin Memorial 2017 "]
[Site "?????-?????????"]
[Date "2017.10.24"]
[Round "4"]
[Board "113"]
[White "Azimov, Ilyas"]
[Black "Vorobyova, Valeriya"]
[Result "1-0"]
[WhiteElo "2195"]
[BlackElo "1945"]
[PlyCount "65"]
[EventDate "2017.10.21"]
[EventRounds "9"]
[EventCountry "RUS"]

1. c4 Nf6 2. Nc3 d5 3. e3 c5 4. cxd5 Nxd5 5. a3 g6 6. Nf3 Bg7 7. Be2 O-O 8. Qc2
b6 9. d3 Bb7 10. Rb1 Nf6 11. O-O Nc6 12. b3 Qc7 13. Bb2 Rac8 14. Ne4 Nxe4 15.
dxe4 Ne5 16. Nd2 Rfd8 17. f4 Qd7 18. Rbd1 Nc6 19. Bxg7 Kxg7 20. Qc3+ Kg8 21. e5
Qd5 22. Nf3 Qe4 23. Bc4 h6 24. e6 fxe6 25. Nd2 Qf5 26. e4 Qf7 27. f5 gxf5 28.
Qg3+ Kh7 29. exf5 Rg8 30. Qh3 Nd4 31. fxe6 Qh5 32. Rf7+ Qxf7 33. exf7  1-0

[Event "M.Chigorin Memorial 2017 "]
[Site "?????-?????????"]
[Date "2017.10.24"]
[Round "4"]
[Board "114"]
[White "Pavlov, Mark"]
[Black "Oglaza, Oskar"]
[Result "0-1"]
[WhiteElo "1909"]
[BlackElo "2182"]
[PlyCount "90"]
[EventDate "2017.10.21"]
[EventRounds "9"]
[EventCountry "RUS"]

1. d4 Nf6 2. Nf3 g6 3. Bg5 Bg7 4. c3 O-O 5. Nbd2 d6 6. e4 c5 7. dxc5 dxc5 8.
Be2 Nc6 9. O-O Qc7 10. Qc2 h6 11. Bh4 Nh5 12. Bg3 Nxg3 13. fxg3 b6 14. Nc4 Bb7
15. Ne3 Ne5 16. Nd5 Nxf3+ 17. Bxf3 Qe5 18. Rad1 Kh8 19. Kh1 e6 20. Ne3 Rfd8 21.
Nc4 Qc7 22. Rxd8+ Rxd8 23. Rd1 b5 24. Ne3 c4 25. Rd2 h5 26. Qd1 Rxd2 27. Qxd2
Kh7 28. Nc2 a5 29. Nd4 Qd7 30. Qe3 b4 31. h3 Bh6 32. Qe2 e5 33. Nc2 bxc3 34.
bxc3 Qd3 35. Na3 Ba6 36. Qb2 Qf1+ 37. Kh2 h4 38. Qe2 hxg3+ 39. Kxg3 Bf4+ 40.
Kh4 Qc1 41. Nc2 Qb2 42. g3 g5+ 43. Kh5 Qb6 44. Kg4 Bc8+ 45. Kh5 Qg6#  0-1

[Event "M.Chigorin Memorial 2017 "]
[Site "?????-?????????"]
[Date "2017.10.24"]
[Round "4"]
[Board "115"]
[White "Zaykov, Sergey"]
[Black "Andrijashkin, Deniss"]
[Result "1-0"]
[WhiteElo "2125"]
[BlackElo "1929"]
[PlyCount "71"]
[EventDate "2017.10.21"]
[EventRounds "9"]
[EventCountry "RUS"]

1. Nf3 g6 2. e4 Bg7 3. c4 c5 4. d4 cxd4 5. Nxd4 d6 6. Nc3 Nf6 7. Be2 Nbd7 8.
Be3 O-O 9. O-O a6 10. Qd2 Nc5 11. f3 Re8 12. b4 Ncd7 13. Rac1 b6 14. Rfd1 Bb7
15. Bf1 Rc8 16. Qf2 Ne5 17. Na4 Nfd7 18. Nb3 Nxc4 19. Bxc4 b5 20. Na5 bxc4 21.
Nxb7 Qc7 22. Na5 c3 23. Nxc3 Bxc3 24. Bd2 Bxd2 25. Rxc7 Rxc7 26. Qxd2 Rec8 27.
Qe2 Nb8 28. Nb3 Rc2 29. Rd2 R2c4 30. a3 Rc3 31. Rb2 Nd7 32. Qxa6 Ne5 33. Nd4
Rc1+ 34. Kf2 R1c3 35. Kg3 Nc4 36. Ra2  1-0

[Event "M.Chigorin Memorial 2017 "]
[Site "?????-?????????"]
[Date "2017.10.24"]
[Round "4"]
[Board "116"]
[White "Kamalidenova, Meruert"]
[Black "Paramzina, Anastasya"]
[Result "0-1"]
[WhiteElo "1897"]
[BlackElo "2123"]
[PlyCount "78"]
[EventDate "2017.10.21"]
[EventRounds "9"]
[EventCountry "RUS"]

1. e4 c5 2. Nf3 d6 3. d4 cxd4 4. Nxd4 Nf6 5. Nc3 a6 6. h3 Nc6 7. g4 Qb6 8. Nb3
e6 9. Be3 Qc7 10. f4 b5 11. Bg2 Bb7 12. O-O Be7 13. Qe2 Nd7 14. g5 b4 15. Nd1
a5 16. Qf2 Ba6 17. Re1 h6 18. g6 fxg6 19. Qg3 Nf8 20. f5 a4 21. Nd2 Ne5 22.
fxe6 Nxe6 23. Nf3 O-O 24. Nxe5 dxe5 25. Qxg6 Rf6 26. Qg4 Raf8 27. c3 Bc8 28.
Qe2 Nf4 29. Bxf4 exf4 30. Qf3 Rg6 31. e5 Rg3 32. Qd5+ Kh8 33. Kh2 Rd8 34. Qe4
Rd2 35. Re2 Bb7 36. Qxb7 Rxe2 37. Qxc7 Rexg2+ 38. Kh1 Rg1+ 39. Kh2 R3g2#  0-1

[Event "M.Chigorin Memorial 2017 "]
[Site "?????-?????????"]
[Date "2017.10.24"]
[Round "4"]
[Board "117"]
[White "Guliev, Gasan"]
[Black "Khalikov, Bulat"]
[Result "0-1"]
[WhiteElo "2123"]
[BlackElo "1925"]
[PlyCount "68"]
[EventDate "2017.10.21"]
[EventRounds "9"]
[EventCountry "RUS"]

1. Nf3 Nf6 2. g3 d5 3. Bg2 e6 4. O-O c5 5. b3 Nc6 6. Bb2 Be7 7. d3 O-O 8. Nbd2
Qc7 9. e3 e5 10. Qe2 Bg4 11. h3 Be6 12. Rac1 Rfe8 13. c4 d4 14. e4 a5 15. a4
Nd7 16. Nb1 f5 17. exf5 Bxf5 18. Na3 Bf6 19. Nb5 Qb8 20. Nd2 Bg5 21. h4 Bxd2
22. Qxd2 Nb4 23. Bxb7 Qxb7 24. Nd6 Qf3 25. Qd1 Qxd1 26. Rcxd1 Bxd3 27. Nxe8
Bxf1 28. Nc7 Rc8 29. Nb5 Be2 30. Rd2 Bf3 31. Bc1 Nf6 32. Ba3 Ne4 33. Rb2 Nd3
34. Ra2 Bd1  0-1

[Event "M.Chigorin Memorial 2017 "]
[Site "?????-?????????"]
[Date "2017.10.24"]
[Round "4"]
[Board "118"]
[White "Zyrjanow, Leonid"]
[Black "Zemnitskiy, Alexander"]
[Result "0-1"]
[WhiteElo "1873"]
[BlackElo "2112"]
[PlyCount "62"]
[EventDate "2017.10.21"]
[EventRounds "9"]
[EventCountry "RUS"]

1. d4 d5 2. Nf3 c5 3. c3 Nc6 4. dxc5 a5 5. Nd4 e6 6. Be3 Nf6 7. Nxc6 bxc6 8. f3
Nd7 9. b4 Be7 10. a4 Rb8 11. Bd2 O-O 12. Ra3 Qc7 13. g3 h5 14. f4 e5 15. e3 Nf6
16. Bg2 Bf5 17. O-O Bd3 18. Re1 Bxc5 19. Rb3 Ba7 20. Bc1 Bxb1 21. Rxb1 exf4 22.
Bf3 fxg3 23. h3 Qe5 24. Qd3 Ne4 25. Bxe4 dxe4 26. Qd7 Bb6 27. Qxc6 Rfc8 28. Qd7
Rd8 29. Qc6 g2 30. Rb2 Qg3 31. Rbe2 Bc7  0-1

[Event "M.Chigorin Memorial 2017 "]
[Site "?????-?????????"]
[Date "2017.10.24"]
[Round "4"]
[Board "119"]
[White "Korchagina, Viktoria"]
[Black "Razumovskiy, Mikhail"]
[Result "1-0"]
[WhiteElo "2110"]
[BlackElo "1908"]
[PlyCount "37"]
[EventDate "2017.10.21"]
[EventRounds "9"]
[EventCountry "RUS"]

1. e4 c5 2. Nf3 e6 3. Nc3 Nc6 4. Bb5 Nge7 5. O-O a6 6. Bxc6 Nxc6 7. d4 cxd4 8.
Nxd4 Bb4 9. Nxc6 bxc6 10. Qd4 Bf8 11. e5 f5 12. Rd1 Rb8 13. b3 Be7 14. Na4 Rb5
15. c4 Rxe5 16. Qxe5 Bf6 17. Qb8 Bxa1 18. Bf4 e5 19. Bg5  1-0